[Event "MK Cafe Cup-A"]
[Site "Koszalin"]
[Date "1999.08.12"]
[Round "9"]
[White "Haba, Petr"]
[Black "Eingorn, Vereslav S"]
[Result "0-1"]
[WhiteElo "2544"]
[BlackElo "2589"]
[Annotator "Ribli,Z"]
[PlyCount "58"]
[EventDate "1999.08.03"]
[EventType "swiss"]
[EventRounds "9"]
[EventCountry "POL"]
[SourceTitle "CBM 073"]
[Source "ChessBase"]
[SourceDate "1999.12.01"]
[SourceVersion "1"]
[SourceVersionDate "1999.12.01"]
[SourceQuality "1"]

{[%mdl 8704]} 1. d4 Nf6 2. c4 e6 3. g3 Bb4+ {Dieser Variante ist der
Grenzbereich zwischen der Katalanische Eröffnung und der Bogoindischen
Verteidigung. Mit diesem Schach möchte Schwarz die weisse Entwicklung stören
oder den b4-Läufer tauschen.} 4. Nd2 {Grossmeister Haba spielt gerne diese
Fortsetzung.} (4. Bd2 {Das ist die prinzipielle Fortsetzung.}) 4... d5 5. Bg2
Nc6 6. Ngf3 dxc4 {Schwarz nimmt die Herausforderung an.} 7. O-O c3 {Schwarz
gibt nicht den Läufer ab. Er möchte seinen Mehrbauern tauschen.} (7... Bxd2 8.
Bxd2 (8. Qxd2 O-O 9. Qc3 b5 10. Ne5 Nxd4 11. Qd2 $13) 8... Nxd4 9. Nxd4 (9. Ne5
O-O 10. Rc1 $44 c5 $1 11. Rxc4 Nd7 12. Nd3 $1 e5 13. Nxc5 Nxc5 14. Rxc5 Qe7 15.
Bb4 Bg4 16. f3 Be6 17. e3 Nc6 18. Ba3 Rfd8 {Tukmakov,V-Lputian,S/USSR 1986/Inf
43 (19)}) 9... Qxd4 10. Qc2 O-O 11. Rfd1 Qc5 (11... Ng4 $6 12. Be1 Qc5 $2 13.
b4 Qb6 14. a4 e5 15. Qxc4 Be6 16. Qc3 c6 17. a5 Qa6 18. h3 Nf6 19. e4 Rfe8 20.
Bf1 b5 21. f3 Qc8 22. g4 Bd7 23. Rd6 Qc7 24. Rad1 $16 {1-0 Kozul,Z-Lputian,S/
Biel 1993/CBM 37/[ChessBase] (60)}) 12. b4 Qh5 13. Qxc4 c6 14. f3 e5 15. g4 Qg6
16. e4 Be6 17. Qc3 Nd7 18. Be3 Qf6 19. a4 Rfc8 20. a5 a6 21. Rd6 h6 22. Rad1
Nf8 23. Qd2 $44 {1/2-1/2 Haba,P-Portisch,L/Budapest 1993/CBM 34 (46)}) 8. Nc4 {
Mit diesem Springerzug kontrolliert Weiss das Feld e5, aber 8.Nb3 kommt auch
in Betracht.} (8. Nb3 $5 cxb2 9. Bxb2 O-O 10. Qc2 Qe7 $6 11. Ne5 $1 Na5 12. Nd3
Nxb3 13. axb3 c6 (13... Bd6 14. e4) 14. Nxb4 Qxb4 15. Ba3 Qb6 16. Bc5 Qd8 17.
Bxf8 Qxf8 18. e4 $16 {1/2-1/2 Mikhalevski,A-Bykhovsky,A/ISR-chT 1996/CBM 52
ext (52)}) 8... O-O $5 {Schwarz hält die Spannung in der Stellung und nimmt
sofort nicht auf b2.} (8... cxb2 9. Bxb2 O-O 10. Qc2 Be7 (10... Na5 11. Nfe5
Nd5 12. e4 Ne7 13. Rad1 b6 14. Nd3 Nac6 15. d5 {1-0 Drjamin,D-Bujakevich,A/
Moscow 1996/EXT 99 (15)}) (10... Bd7 11. e4 Na5 12. Ne3 Rc8 13. Rfd1 Qe8 14. a4
Qe7 15. Ne5 c5 16. d5 $1 $44 {1-0 Gaponenko,I-Akopov,R/Smolensk 1991/EXT 97 
(29)}) 11. Rac1 Nb4 12. Qb1 c6 (12... Bd7 13. Nfe5 Rb8 14. Na5 $44 {Toshkov,
T-Makarichev,S/Warszawa 1985/Inf 39 (14)}) 13. e4 Na6 14. Rfd1 b6 15. Nce5 Nb8
16. h4 Bb7 17. Ng5 h6 18. Nh3 Re8 19. Nf4 Bf8 20. d5 $1 $36 {1-0 Toshkov,
T-Spiridonov,N/Albena 1984/EXT 99 (28)}) 9. Qb3 {Der Textzug ist nicht
schlecht, aber von b3 aus kontrolliert die Dame nicht das Feld e4.} (9. Qd3
$142 cxb2 (9... Nd5 10. e4 cxb2 11. Bxb2 $44) 10. Bxb2 $44) 9... cxb2 (9... Nd5
10. e4 cxb2 11. Bxb2 $44) 10. Bxb2 Be7 11. Rfd1 $44 {[%csl Ye5][%cal Gd1d8]
Weiss hat positionellen Druck für den Bauern. Seine Figuren stehen aktiv, er
hat Übergewicht im Zentrum und Schwarz kämpft mit Entwicklungsproblemen seines
Damenläufers. Trotzdem ist die schwarze Stellung fest.} Qe8 {Schwarz vermeidet
mögliche Unannehmlichkeiten in der d-Linie.} 12. Rac1 Bd7 13. Nfe5 $2 (13. Qxb7
$5 Rb8 14. Qa6 Bc8 15. Qa4 Nxd4 {[%cal Ge8a4]} 16. Qxe8 Nxf3+ 17. Bxf3 Nxe8 18.
Bd4 $44) 13... Nxe5 14. dxe5 (14. Nxe5 Ba4 $17 {[%csl Rb3,Rd1][%cal Ra4d1]})
14... Nd5 $15 (14... Ba4 15. Qxb7 (15. exf6 Bxb3 16. fxe7 Bxd1 17. exf8=Q+ Qxf8
18. Rxd1 Rd8 $19) 15... Nd5 16. Rd2 $13) 15. Rd4 {Weiss vermeidet das Motiv
Ba4, aber der Turm steht sonderbar auf d4.} (15. Qxb7 Bc6 16. Qa6 (16. Qb3 Ba4
{[%csl Rb3,Rd1][%cal Ra4d1]}) 16... Bb5 17. Qb7 (17. Qa5 Bb4 $19 {[%csl Ra5]})
17... Bxc4 (17... Rb8 18. Qxa7 Bxc4 $19) 18. Rxc4 Rb8 $19 {[%csl Rb2,Rb7][%cal
Rb8b2]}) (15. Bxd5 $2 Ba4 16. Qf3 Bxd1 17. Bxb7 Rb8 18. Rxd1 Qb5 $19 {[%csl
Rb7,Rc4]}) 15... b6 (15... b5 16. Ne3 c6 $15 (16... c5 17. Nxd5 exd5 18. Rxd5
Be6 $17)) 16. e4 (16. Bxd5 exd5 $17 17. Rxd5 Be6 {[%csl Rb3,Rc4,Rd5][%cal
Re6b3,Rb6b5,Rb5c4]} 18. e4 c6 $19) 16... Ba4 (16... Nb4 $15) 17. Qf3 Nb4 $17 {
[%csl Gb4][%cal Gb4c6,Gc6e5,Gc7c5] Schwarz hat einen Bauern mehr und bessere
Figurenkoordination. Weiss hat Doppelbauern und sein katalanischer Läufer ist
eingeschlossen.} 18. Nd6 {[%cal Rd4b4,Rd6e8] Weiss möchte das Spiel
komplizieren.} (18. a3 Nc6 19. Rd3 $17) 18... cxd6 19. exd6 (19. Rxb4 dxe5 {
[%cal Re7b4]} 20. Rbc4 Bb5 $19 {[%csl Rc4] Mit zwei Mehrbauern steht Schwarz
auf Gewinn.}) 19... e5 $5 {Das ist eine gute Entscheidung. Schwarz ist mit
einem Mehrbauern und besserer Stellung zufrieden.} (19... Bg5 20. Rxb4 Bxc1 21.
Bxc1 $17) 20. dxe7 (20. Rxb4 Bxd6 $17) 20... Qxe7 {Das weisse Läuferpaar ist
ohne Bedeutung, denn der Läufer g2 steht passiv.} 21. Rdc4 {[%cal Gc1c7]} Bb5 {
[%csl Gb4,Gb5]} 22. Rc7 {Weiss hat etwas Gegenspiel über die c-Linie.} Qd6 23.
Qh5 $4 {[%cal Rb2e5,Rh5e5] Dieser Damenzug ist sehr optimistisch.} (23. Ba3
$142 $5 $15) 23... Nd3 $19 {[%csl Gd3][%cal Rd3b2,Rd3c1] Dieser Springerzug
entscheidet die Partie. Es hängt der Läufer b2, und der Turm c1. 24.Rc2 geht
nicht wegen 24...Nxb2 25.Rxb2 Qxc7.} 24. Bf1 Nxc1 25. Bxe5 (25. Rxc1 Bxf1 26.
Rxf1 f6 $19) 25... Ne2+ $1 26. Kg2 (26. Bxe2 Bxe2 27. Bxd6 Bxh5 28. Bxf8 Kxf8
$19) 26... Qd1 {[%csl Gd1,Rf1,Rg2,Rh5][%cal Re2f4,Rf4g2]} 27. Qg5 {[%csl Rg5]}
Nf4+ $1 28. gxf4 (28. Bxf4 Bxf1+ 29. Kg1 Bh3#) 28... Qxf1+ 29. Kf3 (29. Kg3
Qg1+ 30. Kf3 Qxg5 $19 {Schwarz hat einen Turm mehr.}) 29... Qh3+ {Weiss gab in
völlig hoffnungsloser Stellung auf.} (29... Qh3+ 30. Qg3 Qxg3+ $19) 0-1

[Event "ARM-ch"]
[Site "Yerevan"]
[Date "1999.10.23"]
[Round "8"]
[White "Nalbandian, Tigran"]
[Black "Yegiazarian, Arsen"]
[Result "1/2-1/2"]
[WhiteElo "2445"]
[BlackElo "2504"]
[Annotator "Ribli,Z"]
[PlyCount "79"]
[EventDate "1999.10.16"]
[EventType "tourn"]
[EventRounds "11"]
[EventCountry "ARM"]
[EventCategory "10"]
[SourceTitle "CBM 074"]
[Source "ChessBase"]
[SourceDate "2000.02.01"]
[SourceVersion "1"]
[SourceVersionDate "2000.02.01"]
[SourceQuality "1"]

{[%mdl 288]} 1. Nf3 d5 2. d4 Nf6 3. c4 e6 4. g3 dxc4 5. Qa4+ {Eine genügsame
Fortsetzung - gefährlicher scheint 5.Bg2 zu sein.} Nc6 {Eine ungewöhnliche
Zugfolge. Später - mit Zugumstellung - bekommen wir eine theoretische
Hauptvariante, aber hier wird 5...Nbd7 häufiger gespielt und bietet gute
Ausgleichchancen.} 6. Bg2 Bb4+ 7. Bd2 {*} Nd5 8. Bxb4 Ndxb4 {Schwarz hat einen
Bauern mehr, aber er muss früher oder später den c4P geben.} 9. Ne5 {Weiss
oeffnet so schnell wie möglich die Diagonale des g2-Läufers.} (9. a3 b5 $5 10.
Qxb5 (10. Qd1 Nd5 11. e4 Nb6 12. Nc3 a6 13. O-O O-O 14. Qd2 Bb7 15. Rad1 Qe7
16. h4 Rad8 17. Qe3 b4 18. axb4 Nxb4 19. Rd2 Nd3 20. Rfd1 a5 21. Ne5 {1/2-1/2
Karpov,A-Kramnik,V/Monte Carlo 1999/CBM 69 ext (70)}) 10... Nc2+ 11. Kd2 Bd7 $5
12. Kxc2 Nxd4+ 13. Nxd4 Bxb5 14. Nxb5 Rb8 15. Bc6+ (15. N1c3 O-O 16. Rad1 Qf6
17. f4 e5 18. fxe5 Qxe5 19. Nxa7 Qc5 20. Nc6 Rb6 21. Na4 Qf5+ 22. e4 Qb5 $1 23.
Nxb6 Qb3+ $44) 15... Kf8 16. N1c3 Qe7 17. Rhd1 Qc5 {Chetverik,M-Grabliauskas,V/
Saint Martin 1996/Inf 67/[Chetverik,M] (17)}) (9. O-O {Diese Fortsetzung wird
am häufigsten gespielt.} Rb8 10. Nc3 (10. Na3 a6 (10... O-O 11. Qb5 b6 12. Qxc4
Ba6 13. Nb5 Qd5 14. Qxd5 exd5 15. Nc3 Ne7 16. Rfd1 c5 17. Rac1 $14 {
Wojtkiewicz,A-Ivanov,S/Lubniewice 1995/Inf 66 (17)}) 11. Ne5 O-O 12. Nxc6 Nxc6
13. Qxc4 $1 Qxd4 14. Bxc6 Qxc4 15. Nxc4 bxc6 16. b3 $14 Rd8 17. Rfd1 Bd7 18.
Rd2 Be8 19. Rxd8 (19. Rc2 $1 {/\ Rac1+/= ><a6, c6, c7}) 19... Rxd8 20. Kf1 Kf8
21. Rc1 {0-1 Wojtkiewicz,A-Krasenkow,M/Manila 72/440 1998/[Krasenkow,M] (66)})
10... a6 (10... Bd7 11. Qb5 $5 $146 Nc2 12. Rac1 N2xd4 13. Nxd4 Nxd4 14. Qxc4
Nc6 15. Rfd1 $44 {1/2-1/2 Kopylov,M-Brodsky,M/Donetsk (zt) 74/(498) 1998/Inf
74 (15)}) 11. Ne5 O-O 12. Nxc6 Nxc6 13. Bxc6 bxc6 14. Qxc4 Qd6 15. e3 Rxb2 16.
Rab1 Rb6 17. f4 a5 18. Qa4 Ba6 19. Rfd1 c5 20. Ne4 Qd5 21. Rxb6 Qxe4 22. Rxa6 {
1/2-1/2 Filippov,V-Rausis,I/Dubai 1999/CBM 70 ext (22)}) 9... O-O (9... Bd7 10.
O-O (10. Nxd7 Qxd7 11. a3 Nd5 12. Qxc4 Nb6 13. Qc3 O-O-O 14. Bxc6 bxc6 15. e3
e5 16. O-O exd4 17. exd4 h5 18. Rc1 Rh6 19. h4 Qxd4 20. Qxd4 Rxd4 21. Nc3 Nd5
22. Rc2 Nxc3 23. Rxc3 Rd2 24. Rf3 Rxb2 25. Rxf7 Rf6 26. Rxf6 gxf6 {0-1 Abibula,
A-Vasilescu,L/ROM-chT 1992/EXT 97 (26)}) 10... O-O 11. Nxc6 Nxc6 12. Qxc4 e5
13. dxe5 Nxe5 14. Qf4 Qe7 15. Nc3 c6 16. Rfd1 f6 $11 {0-1 O'Cinneide,M-Adams,M/
Kilkenny IRL 1999 (32)}) 10. Nxc6 Nxc6 11. e3 Bd7 $6 {Nach diesem Zug Schwarz
bleibt in einer etwas passiven Stellung. Die kritische Fortsetzung wäre die
Alternative mit 11...e5 mit aktivem schwarzem Gegenspiel.} (11... e5 12. d5 Ne7
13. Qxc4 Nf5 {[%cal Gf5d6]} 14. O-O Nd6 15. Qc3 Re8 16. Nd2 Bf5 $11 17. Rac1
Rc8 18. Rfd1 Qd7 19. Nc4 f6 20. Qb3 a6 21. a4 h5 22. Qb4 Bg4 {0-1 Mochalov,
E-Korneev,O/Minsk 1995/CBM 46 ext (32)}) 12. Qxc4 e5 13. d5 (13. dxe5 Nxe5 14.
Qc3 Bc6 15. Bxc6 Nxc6 16. O-O $11) 13... Ne7 {[%cal Ge7f5,Gf5d6]} 14. O-O c6 $6
(14... Nf5 $5 $11) 15. d6 $36 Nd5 (15... Nf5 16. Rd1 $14 {[%csl Gd6][%cal
Gg2a8] Der starke d6P ist sehr unangenehm für Schwarz.}) 16. Nc3 (16. Bxd5 cxd5
17. Qxd5 Qf6 $44 {[%csl Yf3,Yg2,Yh3][%cal Gd7c6] Schwarz hat einen Bauern
weniger, aber die weisse Felder in der weissen Königsstellung sind geschwächt
und es droht 18...Bc6.}) 16... Nxc3 17. Qxc3 $14 {[%csl Gd6]} Qf6 {Die Frage
ist, ob der d6P schwach ist oder stark? In unsere Stellung kann Weiss mit Rad1
den Bauern unterstützen und obwohl der d6P selbst nichts droht, ist der weisse
positionelle Druck füehlbar.} (17... Re8 18. Rad1 $14) 18. Rad1 Rfd8 19. Rd2
Be6 $5 {Schwarz verteidigt sich gut - aktiviert den Läufer und möchte mit dem
Turm den Bauern blockieren.} 20. e4 Rd7 21. f4 $1 {Weiss möchte den d6P mit
e4-e5 verteidigen, wonach er freie Hand bekäme.} exf4 22. e5 {[%csl Gd6,Ge5]}
Qf5 23. gxf4 {[%csl Gd6,Ge5,Gf4] Die Bauernkette (f4-e5-d6 ) ist sehr schön,
aber die schwarze Stellung ist ganz fest.} Re8 24. Qe3 f6 $5 {Dieser Zug ist
gefährlich, aber Schwarz möchte nicht warten.} (24... a6 25. b4 $14 {Im
folgenden kann Weiss mit a4-b5 die Stellung am Damenflügel öffnen.}) 25. Be4 (
25. Re1 $14) 25... Qh3 (25... Qg4+ 26. Rg2 $14) 26. Rf3 (26. Qxh3 Bxh3 27. Re1
$14) 26... Qh4 {[%csl Rg1,Gh4] Die Dame - die einzige aktive Figur - steht gut
am Königsflügel und Weiss muss immer mit Schachmöglichkeiten rechnen.} 27. f5 {
Dieser Zug ist scheinbar aktiv, aber wenn es nichts Konkretes für Weiss gibt,
schwächt er nur die Bauernkette.} (27. b4 $14) 27... Bd5 $132 28. Rd4 (28.
Bxd5+ cxd5 29. Rxd5 Qg4+ 30. Kh1 Rxe5 31. Rxe5 fxe5 $11) 28... Bxe4 29. Rxe4
Qh5 {[%csl Gd7,Ge8,Gh5]} 30. Qf4 (30. exf6 Rxe4 31. Qxe4 Rxd6 $11) 30... h6 $1
{Schwarz hat Zeit - zuerst macht er ein Luftloch. Die Spannung im Zentrum
bleibt.} (30... fxe5 31. Rxe5 Rxe5 32. Qxe5 Qg5+ $11) 31. Rd3 (31. e6 $2 Rxd6
32. Qxd6 Qxf3 $17) 31... fxe5 32. Rxe5 Rxe5 33. Qxe5 Qg5+ $11 {Die weisse
Stellung erscheint auf ersten Blick aktiver, aber der d7R blockiert
ausgezeichnet und der weisse König hat kein sicheres Schlupfloch.} 34. Rg3 {
[%cal Gg3g8]} Qc1+ 35. Kg2 Kh7 {Schwarz hat das gute Schlupfloch auf h7 - er
vermeidet die Motive auf der g-Linie und das Schach auch auf e8.} (35... Qd2+
36. Kh3) 36. f6 g6 37. Qe8 {[%cal Re8d7,Rf6f7,Rf7f8]} (37. Rf3 {[%cal Rf6f7,
Rf7f8]} Qc4 {[%cal Gc4f7]}) 37... Qc2+ {[%csl Rg2]} 38. Kg1 Qd1+ 39. Kg2 Qc2+
40. Kg1 {Hier wurde Remis gegeben - der weisse König kann das Dauerschach
nicht vermeiden.} (40. Kg1 Qd1+ $11) (40. Kh3 Qf5+) 1/2-1/2

[Event "Leon Man+Comp m"]
[Site "Leon"]
[Date "1999.06.11"]
[Round "1"]
[White "Karpov, Anatoly"]
[Black "Anand, Viswanathan"]
[Result "0-1"]
[WhiteElo "2710"]
[BlackElo "2781"]
[Annotator "Ribli,Z"]
[PlyCount "85"]
[EventDate "1999.06.??"]
[EventType "match"]
[EventRounds "6"]
[EventCountry "ESP"]
[SourceTitle "CBM 072"]
[Source "ChessBase"]
[SourceDate "1999.10.01"]
[SourceVersion "1"]
[SourceVersionDate "1999.10.01"]
[SourceQuality "1"]

{[%mdl 5120]} 1. d4 Nf6 2. c4 e6 3. g3 d5 4. Bg2 dxc4 5. Nf3 a6 {Es scheint,
dass Schwarz seinen Mehrbauern mit ...b7-b5 verteidigen möchte, aber sofort
wäre das nicht gut. Nach Vorbereitung mit z.B. 6...Nc6 muss Weiss aber immer
damit rechnen. Ribli.} 6. O-O Nc6 {Diese Variante ist sehr populär in der
Grossmeisterpraxis.} 7. e3 Bd7 8. Nc3 (8. Qe2 b5 9. Nc3 Bd6 10. e4 Be7 11. d5
Nb4 12. Ne5 exd5 13. exd5 O-O 14. a3 Nd3 15. Nxd3 Bg4 16. Qe3 cxd3 17. Qxd3 Qd7
18. Bf4 Bd6 {1/2-1/2 Karpov,A-Gelfand,B/Dos Hermanas 1999/CBM 71_07 (41)}) 8...
Bd6 9. Ne5 {Weiss vermeidet die Varianten mit Qe2 und öffnet sofort die
Diagonale des g2-Läufers. Meines Erachtens bietet dieser Zug dem Weissen aber
keinen Eröffnungsvorteil.} (9. Qe2 b5 10. e4 Be7 {Mit Zugumstellung haben wir
die Partie Karpov,A. - Gelfand,B. Dos Hermanas 1999.}) 9... Bxe5 $5 (9... Nxe5
10. dxe5 Bxe5 11. Bxb7 Ra7 12. Bg2 $14) 10. dxe5 Nxe5 11. Bxb7 Rb8 12. Qd4 $6 {
Diese Fortsetzung ist schwer zu verstehen. Warum gibt Karpov seinen
katalanischen Läufer auf? Ich glaube, er war nicht zufrieden mit der Variante
12.Bg2 Nd3, die zu sofortigem Ausgleich führt.} (12. Bg2 O-O (12... Nd3 $1 {
Ich empfehle diese Fortsetzung für Schwarz.} 13. b3 Nxc1 14. bxc4 Nxa2 15. Rxa2
O-O 16. Rxa6 Rb4 (16... Qe7 $11 {Die Bauernstellung ist symmetrisch. Weiss hat
keinen Eröffnungsvorteil.}) 17. Qd4 Qe7 18. Ra5 Qd6 19. Rd1 h6 20. Qa7 Qb6 21.
c5 Qxa7 22. Rxa7 Rc4 23. c6 Bxc6 24. Rxc7 Rxc3 25. Rxc6 {1/2-1/2 Schuster,
U-Winkeler,U/GER-ch qgA19 corr9395 1993/CR97-93 (25)}) 13. Qd4 $1 (13. Qc2 Bc6
14. Bxc6 Nxc6 15. Qa4 Ne5 16. Qxa6 Nd5 17. f4 Nxc3 18. bxc3 Qd5 {0-1 Tibensky,
R-Haba,P/Bratislava 1991/EXT 97 (27)}) 13... Nd3 14. Qxc4 Nxc1 (14... Bb5 15.
Nxb5 axb5 16. Qc2 $14) 15. Rfxc1 Rxb2 $14 {[%cal Gc1c7] Haba,P} 16. Qxa6 {
Das Material ist reduziert, aber Weiss hat etwas bessere Chancen. Der
a-Freibauer ist eine potentielle Gefahr.}) (12. f4 Nd3 13. Bxa6 Nxb2 14. Qe2
Rb6 15. Bxb2 Rxa6 16. Qxc4 Rc6 17. Qb4 Rb6 18. Qa3 {[#]} h5 $1 {Oim. 0-1
Bouwmeester,H-Oeim,T/olm10 corr8291 1982/CR97-82 (47)}) (12. Bxa6 Bc6 13. Qxd8+
Kxd8 14. Rd1+ $11) 12... Rxb7 13. Qxe5 O-O 14. Rd1 {[%cal Gd1d8]} Qe7 $15 {
[%cal Ge7b4] Schwarz hat einen Bauern mehr, aber der c4-Bauer ist in einigen
Varianten schwach. Andererseits sind bei Weiss die weissen Felder schwach, was
in der Katalanischen Eröffnung keine Seltenheit ist.} 15. e4 (15. Qa5 Ra8 $15)
15... Bc6 16. Qd4 (16. f3 Nd7 17. Qd4 Qc5 18. Qxc5 Nxc5 19. Rd4 Nd3 20. Rxc4
Ne5 21. Rc5 Nxf3+ $17) 16... Qb4 17. Be3 Nd7 (17... e5 18. Qxe5 (18. Qc5 Qxc5
19. Bxc5 Rfb8 $17 {[%csl Rb2,Re4]}) 18... Re8 $15) 18. Rab1 f6 {Schwarz
provoziert den Zug 19.f4, denn er kann sonst in einigen Varianten 18...Ne5
spielen.} (18... e5 $15) 19. f4 e5 20. Qd2 (20. fxe5 $2 Nxe5 $17 {[%csl Ge5]
[%cal Re5f3,Rf3d4,Rf3g1]}) 20... exf4 21. gxf4 Re8 {[%csl Re4] Weiss hat nicht
nur einen Bauern weniger, sondern sein e4-Bauern ist schwach.} 22. Qd4 Nb6 23.
Re1 Rbb8 {[%cal Gb8d8,Gd8d1]} 24. Qc5 {Weiss tauscht die Damen und wegen der
ungleichfarbigen Läufer hat er einige Rettungschancen.} Qxc5 25. Bxc5 Na4 26.
Nxa4 Bxa4 {[%cal Ra4c2,Rc2b1,Rc2e4]} 27. e5 (27. Re2 f5 28. e5 Rb5 29. Ba3 Rd5
$17) 27... fxe5 28. fxe5 Re6 {[%csl Rg1][%cal Re6g6,Rg6g1,Ga4c6] Schwarz hat
nur einen Bauern mehr, aber wegen der ungleichfarbigen Läufer hat er
Angriffschancen am Königsflügel.} 29. Re3 h5 $1 (29... Rg6+ 30. Rg3 $15) 30.
Bd4 h4 {[%cal Re6g6,Rg6g1] Schwarz nimmt dem weissen Turm das Feld g3.} 31. Rf1
Rg6+ 32. Kf2 Bd7 $1 {Der Läufer strebt nach e6, um eine Blockadestellung zu
errichten.} (32... Bc6 33. Ke1 $15) 33. Ke1 Be6 {[%csl Ge6][%cal Ge6a2] In
einigen Varianten muss Weiss mit ...c4-c3 rechnen.} 34. Bc3 Rg4 {Schwarz
provoziert den Zug 35.h3?!, aber der Textzug hat keine besonderen Drohungen.}
35. h3 $2 {Jetzt hat Weiss ewige Probleme mit dem schwachen h-Bauern.} (35. Rf2
$15) 35... Rg2 36. Rf2 (36. Rf4 g5 37. Rf6 Re8) 36... Rg1+ $17 37. Rf1 (37. Ke2
Rh1 $17) 37... Rxf1+ 38. Kxf1 Rd8 {[%csl Rh3][%cal Gd8d1]} 39. Ke1 Kh7 40. Kf2
Rd3 $1 $19 {Schwarz spielt das Endspiel ausgezeichnet. Nach dem Turmtausch
gewinnt er leicht.} 41. Ke2 (41. Rxd3 cxd3 {[%csl Ra2,Rh3][%cal Re6a2,Re6h3]}
42. Kg2 Bxa2 43. Kf3 Be6 44. Kg2 Kg6 {Der weise König ist gebunden und die
Aktivierung des schwarzen Königs entscheidet den Kampf.} 45. Kh2 Kf5 46. Kg2
Ke4 {[%cal Re4e3]} 47. Bd2 Kd5 $19 {[%csl Gd3][%cal Rd5c4,Rc4b3,Rb3c2]}) 41...
Rxe3+ 42. Kxe3 g5 (42... Bxh3 43. Kf4 Kh6 $19) 43. Kd4 (43. Kd4 Bxh3 $19) 0-1